National Alcohol Drinks Quiz Stats

Quiz not verified by Sporcle

Challenge
Share
Tweet
Embed
Score 0/56 Timer 06:00
0 Plays Today
Country Drink % Correct
BelgiumJenever
94.8%
PolandVodka
84.8%
RussiaVodka
84.8%
ArgentinaWine
82.9%
IrelandIrish Whiskey
78.8%
CanadaCanadian Whiskey
78.4%
ThailandMekhong Whiskey
75.1%
AustraliaRum
73.6%
BermudaRum
73.6%
French West IndiesRum
73.6%
JamaicaRum
73.6%
MexicoTequila
68%
EnglandGin
62.8%
FranceBrandy
57.6%
ScotlandScotch Whiskey
48.3%
United StatesBourbon
36.8%
CyprusBrandy
36.4%
Greece Ouzo
30.1%
DenmarkAkvavit
24.9%
SpainSherry
24.5%
AustriaSchnapps
24.2%
GermanySchnapps
24.2%
TurkeyRaki
16.7%
ItalyGrappa
14.5%
BrazilCaipirinha
13.4%
CubaMojito
13%
ChilePisco
10.4%
PeruPisco
10.4%
Country Drink % Correct
HungaryUnicum
5.6%
NetherlandsJenever
5.2%
LebanonArak
4.8%
South KoreaSoju
4.8%
Czech RepublicBecherovka
4.1%
RomaniaTuica
4.1%
BulgariaRakia
3.3%
SwedenAkvavit
3.3%
CroatiaRakija
3%
NorwayAkvavit
3%
BaliArrack
2.6%
ColombiaAguardiente
2.6%
EcuadorAguardiente
2.6%
IndonesiaArrack
2.6%
PhilippinesPalm wine
2.6%
SerbiaSlivovitz
2.6%
Sri LankaArrack
2.6%
FinlandFinlandia Vodka
2.2%
HaitiRhum
2.2%
BoliviaSingani
1.9%
EthiopiaTej
1.9%
IcelandBrennivĂ­n
1.9%
JapanShochu
1.9%
Costa RicaGuaro
1.5%
ChinaMoutai
1.1%
El SalvadorTic Tack
1.1%
PanamaSeco Herrerano
0.7%
SlovakiaBorovicka
0.4%

You're not logged in!

Compare scores with friends on all Sporcle quizzes.
Sign Up with Email
OR
Log In

You Might Also Like...

Show Comments

Extras

Top Quizzes Today


Score Distribution

Your Account Isn't Verified!

In order to create a playlist on Sporcle, you need to verify the email address you used during registration. Go to your Sporcle Settings to finish the process.

Report this User

Report this user for behavior that violates our Community Guidelines.

Details: